000 00831nam a2200169 a 4500
005 20241029063713.0
008 041203s2004 mx r 000 0 spa d
035 _aUPN01000136895
049 _aSEP
050 4 _aLB2000.29 A1
_bF6.5
245 0 0 _aFortalecimiento de la educación física en Iztapalapa :
_bfase II : la mejora sostenida del aprendizaje, la enseñanza y la gestión escolar : taller general de actualización educación física : 2004-2005 /
_cRemigio Jarillo González ... [et al.].
260 _aMéxico :
_bSEP, Subsecretaría de Servicios Educativos para el Distrito Federal, Dirección General de Servicios Educativos Iztapalapa,
_c2004.
300 _a34 p. :
_bil., tablas
650 4 _aEducación física
_xEstudio y enseñanza
_94839
700 1 _aJarillo González, Remigio
_ecoaut.
_928778
905 _aLibro
999 _c109046
_d109046